000 00878cab a2200265 4500
001 ABS48531
008 090401t1993 xxu||||| |||| 00| 0 eng d
035 _a(Sirsi) u67261
041 _aeng
100 _aJones, R.
245 _aTurning down the noise
260 _c1993
350 _a0
490 _aChartered Builder
_v5(4) May 1993, 8-9(2)
520 _aDiscusses the control of noise and vibration from building sites which is still covered by Control of Pollution Act 1974 ss60-61. There is also a British Standard Code of Practice BS 5228:1984 dealing with the subject.
650 _aBS 5228: 1984
650 _aCONSTRUCTION SITES
650 _aCONTROL OF POLLUTION ACT 1974 S60
650 _aCONTROL OF POLLUTION ACT 1974 S61
650 _aNOISE POLLUTION
650 _aVIBRATION
690 _aBUILT ENVIRONMENT
942 _n0
948 _c04/03/1997
999 _c42092
_d42092